<?xml version="1.0" encoding="UTF-8"?>
<record
    xmlns:xsi="http://www.w3.org/2001/XMLSchema-instance"
    xsi:schemaLocation="http://www.loc.gov/MARC21/slim http://www.loc.gov/standards/marcxml/schema/MARC21slim.xsd"
    xmlns="http://www.loc.gov/MARC21/slim">

  <leader>00506nam a22001817a 4500</leader>
  <controlfield tag="003">OSt</controlfield>
  <controlfield tag="005">20240806111818.0</controlfield>
  <controlfield tag="008">240806b        |||||||| |||| 00| 0 eng d</controlfield>
  <datafield tag="020" ind1=" " ind2=" ">
    <subfield code="a">0672623387</subfield>
  </datafield>
  <datafield tag="040" ind1=" " ind2=" ">
    <subfield code="c">Chuka University Library</subfield>
  </datafield>
  <datafield tag="050" ind1=" " ind2=" ">
    <subfield code="a">LC 191 </subfield>
    <subfield code="b">.W5 1976</subfield>
  </datafield>
  <datafield tag="100" ind1=" " ind2=" ">
    <subfield code="a">Wexler, Philip</subfield>
    <subfield code="9">17360</subfield>
  </datafield>
  <datafield tag="245" ind1=" " ind2=" ">
    <subfield code="a">The sociology of education: Beyond equality</subfield>
  </datafield>
  <datafield tag="260" ind1=" " ind2=" ">
    <subfield code="a">Indianapolis</subfield>
    <subfield code="b">The Bobbs-Merrill Company</subfield>
    <subfield code="c">1976</subfield>
  </datafield>
  <datafield tag="300" ind1=" " ind2=" ">
    <subfield code="a">64p</subfield>
  </datafield>
  <datafield tag="650" ind1=" " ind2=" ">
    <subfield code="a">Educational sociology</subfield>
    <subfield code="9">9601</subfield>
  </datafield>
  <datafield tag="942" ind1=" " ind2=" ">
    <subfield code="2">lcc</subfield>
    <subfield code="c">BK</subfield>
    <subfield code="n">0</subfield>
  </datafield>
  <datafield tag="952" ind1=" " ind2=" ">
    <subfield code="0">0</subfield>
    <subfield code="1">0</subfield>
    <subfield code="2">lcc</subfield>
    <subfield code="4">0</subfield>
    <subfield code="7">0</subfield>
    <subfield code="8">LGL</subfield>
    <subfield code="a">CHK</subfield>
    <subfield code="b">CHK</subfield>
    <subfield code="c">GEN</subfield>
    <subfield code="d">2024-08-06</subfield>
    <subfield code="l">0</subfield>
    <subfield code="o">LC 191 .W5 1976</subfield>
    <subfield code="p">14903/2018</subfield>
    <subfield code="r">2024-08-06 00:00:00</subfield>
    <subfield code="w">2024-08-06</subfield>
    <subfield code="y">BK</subfield>
  </datafield>
  <datafield tag="999" ind1=" " ind2=" ">
    <subfield code="c">18159</subfield>
    <subfield code="d">18159</subfield>
  </datafield>
</record>
